| 000 | 00568cab a2200205 4500 | ||
|---|---|---|---|
| 001 | X973 | ||
| 008 | 090401t1993 xxu||||| |||| 00| 0 eng d | ||
| 035 | _a(Sirsi) u68484 | ||
| 041 | _aeng | ||
| 100 | _aPheng, L.S. | ||
| 245 | 4 | _aThe rationalization of quality int he construction industry : some empirical findings | |
| 260 | _c1993 | ||
| 350 | _a0 | ||
| 490 |
_aConstruction Management & Economics _v11(4) July 1993, 247-259(13) |
||
| 650 | _aQUALITY ASSURANCE | ||
| 650 | _aWORKMANSHIP | ||
| 690 | _aBUILT ENVIRONMENT | ||
| 942 | _n0 | ||
| 948 | _c04/03/1997 | ||
| 999 |
_c42968 _d42968 |
||